000 00783nam a2200289Ia 4500
001 Z_4328
003 CHAP
008 220113s1985 xx 000 0 und d
010 _a167398
040 _cCHAP
090 _aFolleto 244
100 _aCentro de Investigaciones Pecuarias del Estado de Sonora
_9141025
245 _a¿Cuál es la importancia de la vitamina "A" para el ganado en el agostadero? /
_cpor CIPES
260 _aCarbo, Sonora :
_bEl centro,
_c1985
300 _a12 p. ; ilus.
440 _aRancho; 3 (20)
_9141584
500 _a
503 _a
650 _aVitamina A I. t.
_9141585
650 _aVitaminas en nutrición animal
_9120022
901 _aFolleto 244
902 _aA
910 _a1985
942 _cc14
942 _cc14
999 _c167398
_d167398